Classifica Presenze in Coppa Italia con un'unica squadra - Statistics

Statistiche generali
  • Questo quiz è stato fatto 6 volte
  • Il punteggio medio è 6 su 10
Statistiche sulle risposte
Presenze Nazione Anni Squadra Calciatore % Corretto
97 Italia 1977-1997 Milan Franco Baresi
100%
93 Italia 1976-1992 Inter Giuseppe Baresi
100%
119 Italia 1979-1999 Inter Giuseppe Bergomi
100%
98 Italia 1982-1997 Sampdoria Roberto Mancini
83%
84 Italia 1960-1978 Inter Giacinto Facchetti
67%
89 Italia 1974-1988 Juventus Gaetano Scirea
50%
96 Italia 1972-1988 Napoli Giuseppe Bruscolotti
33%
84 Italia 1983-1992 Sampdoria Fausto Pari
17%
88 Italia 1969-1984 Juventus Giuseppe Furino
17%
90 Italia 1983-1995 Sampdoria Pietro Vierchowod
17%
Nessun quiz corrispondente trovato
Distribuzione punteggi
Percentuale di utenti per punteggio
Percentile per numero di risposta
I tuoi punteggi nel tempo
Non hai fatto questo quiz